• 首页
  • 本馆介绍
  • 公告通知
  • 最新文献
  • 馆藏检索
  • 电子资源
  • 读者导购
  • 参考咨询
  • 我的图书馆
  • 登录
  • 详细信息显示
  • 放入我的书架
  • 预约/预借图书
  • 作者相关作品
  • 分类相关作品
  • 丛书相关作品
  • 出版社相关作品

书目信息

  • 表格格式
  • 工作单格式
  • 卡片格式
题名:
第三世界
    
 
作者: 哈里森 , Harrison 著 ;钟菲 译
分册:  
出版信息: 北京   新华出版社  1984
页数: 509页
开本: 19cm
丛书名:
单 册:
中图分类: D501
科图分类:
主题词: 第三世界--研究
电子资源:
ISBN:
000 00861nam0 2200289 45
001 0184010404
005 20040421092339.3
010    @dCNY1.40
091    @a3203.051
100    @a19950704d1984 em y0chiy0121 ea
101 1  @achi@ceng
102    @aCN@b110000
105    @ay z 000yy
106    @ar
200 10 @a第三世界@Adi san shi jie@e苦难·曲折·希望@f(英)哈里森(P. Harrison)著@g钟菲译
210    @a北京@c新华出版社@d1984
215    @a509页@d19cm
300    @a书名原文:Inside the Third World-The anatomy of poverty.
510 1  @aInside the Third World-The anatomy of poverty@zeng
606    @a第三世界@x研究
690    @aD501@v3
701  1 @a哈里森@Aha li sen@bP.@4著
701 A1 @aHarrison@bP.@4著
702  0 @a钟菲@Azhong fei@4译
801  0 @aCN@b上海图书馆@c20040421
801  2 @aCN@bNLC@c20040421
905    @f2@b122230-231@dD501@e20
    
    第三世界:苦难·曲折·希望/(英)哈里森(P. Harrison)著/钟菲译.-北京:新华出版社,1984
    509页;19cm
    书名原文:Inside the Third World-The anatomy of poverty.
    
    ISBN :CNY1.40
    
●
相关链接 在E读中查询图书 在五车中查询图书 在当当中查询图书 在豆瓣中查询图书


正题名:第三世界     索取号:D501/20         预约/预借

序号 登录号 条形码 馆藏地/架位号 状态 备注
1 0122230   000482221   密集书库/ [索取号:D501/20] 在馆    
2 0122231   000482212   第一样本阅览室/ [索取号:D501/20] 在馆    
3 0122232   001742092   密集书库/ [索取号:D501/20] 在馆    
4 0122233   001742056   密集书库/ [索取号:D501/20] 在馆    
5 0122234   001742010   密集书库/ [索取号:D501/20] 在馆    
唐山师范学院图书馆 欢迎您!
大连网信软件有限公司© 版权所有